Entrepreneurship and social change

Αποθηκεύτηκε σε:
Λεπτομέρειες βιβλιογραφικής εγγραφής
Συγγραφή απο Οργανισμό/Αρχή: Society for Economic Anthropology (U.S.)
Άλλοι συγγραφείς: Greenfield, Sidney M., Strickon, Arnold
Μορφή: Βιβλίο
Γλώσσα:English
Δημοσίευση: Lanham, MD : [χ.τ.] : University Press of America, Society for Economic Anthropology, c1986.
Σειρά:Monographs in economic anthropology ; ; 2
Θέματα:
Ετικέτες: Προσθήκη ετικέτας
Δεν υπάρχουν, Καταχωρήστε ετικέτα πρώτοι!

MARC

LEADER 00000cam a2200000 i 4500
001 1/25387
008 950717s1986 eng d
020 |a 0819151661 ((pbk. : alk. paper)) 
035 |l 10022476 
040 |a GR-MY-UA  |b gre  |e aacr 
041 0 |a eng 
082 0 |a 338.04  
245 1 0 |a Entrepreneurship and social change /   |c edited by Sidney M. Greenfield, Arnold Strickon.  
260 |a Lanham, MD :   |a [χ.τ.] :   |b University Press of America,   |b Society for Economic Anthropology,   |c c1986.  
300 |a 275 σ. :  |b εικ. ;  |c 23 εκ.  
490 1 |a Monographs in economic anthropology   |v 2.  
504 |a Περιλαμβάνει βιβλιογραφικές παραπομπές και ευρετήριο.  
650 0 0 |a Entrepreneurship. 
650 0 0 |a Social change. 
650 0 0 |a Economic anthropology. 
700 1 |a Greenfield, Sidney M. 
700 1 |a Strickon, Arnold. 
710 2 |a Society for Economic Anthropology (U.S.) 
830 0 |a Monographs in economic anthropology ;  |v ; 2 
852 |a INST  |b CHIOS  |e 19950717  |h 338.04 ENT  |p 005200002541  |q 005200002541  |t BK  |y 0 
909 |a Χ  |b 012286